|
|
|
|
| LEADER |
00000nam a2200000Ii 4500 |
| 001 |
DIGVEDIV0368 |
| 003 |
NyNyDIG |
| 007 |
cr ||||||||||| |
| 008 |
220406s2013 sp ab ob 001 0 spa d |
| 006 |
m o d |
| 035 |
|
|
|a (OCoLC)896860656
|
| 040 |
|
|
|a DGITA
|b eng
|e rda
|e pn
|c DGITA
|
| 020 |
|
|
|a 9788499458113
|q eBook
|q pdf
|
| 020 |
|
|
|z 9788499451138
|
| 041 |
1 |
|
|a spa
|h eng
|
| 050 |
1 |
4 |
|a BS680.M4 ebook
|
| 100 |
1 |
|
|a Sanders, E. P.,
|e author.
|
| 240 |
1 |
0 |
|a Historical figure of Jesus.
|l Spanish
|s (Tosaus Abadía)
|
| 245 |
1 |
3 |
|a La figura histórica de Jesús /
|c E. P. Sanders ; traductor, José Pedro Tosaus Abadía.
|
| 264 |
|
1 |
|a Estella (Navarra), España :
|b EVD, Editorial Verbo Divino,
|c 2013.
|
| 300 |
|
|
|a 1 online resource :
|b illustrations, maps.
|
| 336 |
|
|
|a text
|b txt
|2 rdacontent
|
| 337 |
|
|
|a computer
|b c
|2 rdamedia
|
| 338 |
|
|
|a online resource
|b cr
|2 rdacarrier
|
| 347 |
|
|
|a text file
|2 rdaft
|
| 347 |
|
|
|b PDF
|
| 504 |
|
|
|a Includes bibliographical references and index.
|
| 588 |
0 |
|
|a Online resource; title from PDF title page (Digitalia, viewed April 06, 2022)
|
| 650 |
|
0 |
|a Messiah
|x Biblical teaching.
|
| 650 |
|
0 |
|a Bible
|x Criticism, interpretation, etc.
|
| 655 |
|
0 |
|a Electronic books.
|
| 700 |
1 |
|
|i Translation of:
|a Sanders, E. P.
|t Historical figure of Jesus.
|
| 700 |
1 |
|
|a Tosaus Abadía, José Pedro,
|e translator.
|
| 791 |
2 |
|
|a Digitalia (Firm),
|e distributor.
|
| 793 |
0 |
|
|g Digitalia eBook Collection:
|a Editorial Verbo Divino
|
| 776 |
0 |
8 |
|i Print version:
|a Sanders, E. P.
|s Historical figure of Jesus. Spanish (Tosaus Abadía).
|t Figura histórica de Jesús.
|d Estella (Navarra), España : EVD, Editorial Verbo Divino, 2013
|z 9788499451138
|
| 830 |
|
0 |
|a Agora (Estella, Spain) ;
|v 6.
|
| 856 |
4 |
0 |
|3 Digitalia Hispánica
|u https://www.digitaliapublishing.com/a/51089/
|
| 910 |
|
|
|a Premium collection: 2022
|